| 000 | 00692cam a2200229 a 4500 | ||
|---|---|---|---|
| 003 | MX-MxUPN | ||
| 005 | 20241017103906.0 | ||
| 008 | 130815s2006 o fr 000 0 spa d | ||
| 020 | _a9789588252308 | ||
| 035 | _aUPN01000192281 | ||
| 040 |
_aMX-MxUPN _bspa |
||
| 041 | 0 | _aspa | |
| 050 | 4 |
_aLE41 B34 _bC76 2006 |
|
| 245 | 0 | 0 |
_aCronología y notas para una historia de la Universidad del Norte : _b1966-2006 |
| 260 |
_aBarranquilla : _bUninorte, _c2006. |
||
| 300 |
_a201 páginas : _bfotografías |
||
| 610 | 2 | 4 |
_953972 _aUniversidad del Norte (Barranquilla, Colombia) _xHistoria |
| 902 | _aVíctorGodínez/091024 | ||
| 905 | _aLibro | ||
| 942 |
_2lcc _cLIBRO |
||
| 999 |
_c164384 _d164384 |
||